| 000 | 00440nam a2200157 4500 | ||
|---|---|---|---|
| 001 | 117812 | ||
| 003 | ES-MaACL | ||
| 005 | 20230906190956.0 | ||
| 007 | t| | ||
| 008 | 070214s1910 fr r ||||1| fre d | ||
| 100 | 1 |
_aPeillaube, E. _989977 |
|
| 245 | 1 | 4 |
_aLes images essai sur la memoire et l'imagination / _cpar E. Peillaube. |
| 260 |
_aParis : _bMarcel Riniere & Cie, _c1910. |
||
| 300 |
_a514 p. ; _c22 cm. |
||
| 852 |
_aES-MaACL _jD-586 |
||
| 999 |
_c117812 _d117812 |
||